000
00309nam a2200133 a 4500
001
4572
003
CDMR
005
20130311114024.0
008
130130s1993||||||||||||||||||||||||||||d
040
_a
CDMR
_b
cat
_c
CPC LLEIDA
245
0
_a
Foto Gran Prix 1992
260
_a
Barcelona
_c
1993
_b
Lunwerg
942
_c
MON
_2
udc
999
_c
4572
_d
4572